000 00338nam a2200145Ia 4500
100 _aGanapathy/K/ Subramaniam/B
942 _cBK
654 _akaizen
245 _aKaizen continuous improvement
260 _bQuality Circle forum
_aSecunderabad
_c1997
082 _a658.562/GAN
_bGAN
300 _a65
546 _aENGLISH
999 _c33976
_d33976